| 000 | 00639nam a2200217 a 4500 | ||
|---|---|---|---|
| 001 | BRL_1531 | ||
| 005 | 20190320211241.0 | ||
| 008 | 180214s1996----mx-o######---#000-0#spa-# | ||
| 020 | _a9682996511 | ||
| 041 | _aspa | ||
| 044 | _amx | ||
| 050 | 4 |
_aQ180 _b.P74 1996 |
|
| 245 | 1 | 0 | _aPremio Nacional de ciencias y artes, galardonados 1996 |
| 260 |
_aMéxico _bConsejo del Premio Nacional de Ciencias y Arte : SEP _c1996 |
||
| 300 |
_a119 p. _bil., fotografías (blanco y negro) _c20 cm. |
||
| 500 | _aAu1827 | ||
| 650 | 1 | 4 |
_aCiencia _xPremios _zMéxico _927189 |
| 650 | 1 | 4 |
_aArte _xPremios _zMéxico _927190 |
| 902 | _aGRL | ||
| 942 |
_2lcc _cB |
||
| 999 |
_c10340 _d10340 |
||